[Event "DIJA III"]
[Site "SchemingMind.com"]
[Date "2020.12.09"]
[Round "-"]
[White "Adrian Grajczak"]
[Black "Derek Price"]
[Result "0-1"]
[WhiteCountry "POL"]
[BlackCountry "ENG"]
[WhiteElo "1916"]
[WhiteRD "89"]
[BlackElo "2181"]
[BlackRD "72"]
[GameID "463168"]

1. e4 c5 2. Nf3 d6 3. d4 cxd4 4. Nxd4 Nf6 5. Nc3 a6 6. Bc4 e6 7. Bb3 b5 8. O-O Be7 9. Qf3 Qb6 10. Bg5 Nbd7
11. Rad1 Qb7 12. Rfe1 O-O 13. Qh3 Re8 14. Re3 b4 15. Na4 Ne5 16. f4 Neg4 17. Re2 e5 18. fxe5 dxe5 19. Nf5 Qa7+ 20. Be3 Nxe3
21. Qxe3 Qxe3+ 22. Nxe3 Ra7 23. h3 Bd7 24. Nb6 Bb5
0-1

[Event "DIJA III"]
[Site "SchemingMind.com"]
[Date "2020.12.10"]
[Round "-"]
[White "Gilligan"]
[Black "Adrian Grajczak"]
[Result "0-1"]
[WhiteCountry "USA"]
[BlackCountry "POL"]
[WhiteElo "1680"]
[WhiteRD "57"]
[BlackElo "1872"]
[BlackRD "93"]
[GameID "463169"]

1. e4 c5 2. Nf3 d6 3. d4 cxd4 4. Nxd4 a6 5. Nc3 Nf6 6. Be3 e5 7. Nb3 Be6 8. Qd2 Be7 9. O-O-O Ng4 10. f3 Nxe3
11. Qxe3 Bg5 12. f4 Bxf4 13. Qd2 Bxd2+ 14. Nxd2 O-O 15. Kb1 Nc6 16. b3 Nd4 17. h3 f5 18. exf5 Bxf5 19. Kb2 Bxc2 20. Re1 Rc8
21. g4 Qa5 22. Nc4 Qb4 23. Ra1 Bxb3
0-1

[Event "DIJA III"]
[Site "SchemingMind.com"]
[Date "2020.12.13"]
[Round "-"]
[White "maro"]
[Black "Adrian Grajczak"]
[Result "0-1"]
[WhiteCountry "MEX"]
[BlackCountry "POL"]
[WhiteElo "1412"]
[WhiteRD "60"]
[BlackElo "1916"]
[BlackRD "89"]
[GameID "463170"]

1. e4 c5 2. Bc4 e6 3. Nf3 a6 4. a4 d6 5. d4 cxd4 6. Qxd4 Nc6 7. Qd2 Nf6 8. Nc3 Be7 9. O-O O-O 10. b3 Qc7
11. Bb2 Rd8 12. Qe3 d5 13. exd5 exd5 14. Be2 d4 15. Nxd4 Nxd4 16. Bd3 Nf5 17. Bxf5 Bxf5 18. Ne2 Ng4 19. Qg3 Qxg3 20. Nxg3 Bxc2
21. Nh5 f6 22. Nf4 Bxb3 23. Ne6 Bxe6 24. h3 Nh6 25. Rfe1 Kf7 26. f3 Nf5 27. g4 Nd4 28. Bxd4 Rxd4 29. Kg2 Bb4
0-1

[Event "DIJA III"]
[Site "SchemingMind.com"]
[Date "2020.12.10"]
[Round "-"]
[White "Phillip Beckett"]
[Black "Adrian Grajczak"]
[Result "0-1"]
[WhiteCountry "ENG"]
[BlackCountry "POL"]
[WhiteElo "1440"]
[WhiteRD "48"]
[BlackElo "1810"]
[BlackRD "107"]
[GameID "463171"]

1. d4 d5 2. e3 Nf6 3. Bd3 Bg4 4. f3 Bh5 5. Ne2 Bg6 6. O-O Bxd3 7. cxd3 e6 8. Nbc3 c6 9. e4 Be7 10. e5 Nfd7
11. f4 f5 12. Ng3 O-O 13. Qh5 g6 14. Qh3 Qb6 15. Nge2 Na6 16. a3 Rf7 17. Rf3 c5 18. dxc5 Ndxc5 19. Kf1 Nb3 20. Rb1 Nxc1
21. Nxc1 d4 22. Na4 Qc6 23. Ne2 Qxa4 24. b3 Qd7 25. b4 Rc8 26. Rg3 Nc7 27. Ng1 Nd5 28. Rf3 Ne3+ 29. Rxe3 dxe3 30. Qxe3 Bf8
31. d4 Qd5
0-1

[Event "DIJA III"]
[Site "SchemingMind.com"]
[Date "2020.12.10"]
[Round "-"]
[White "Adrian Grajczak"]
[Black "Helga1946"]
[Result "0-1"]
[WhiteCountry "POL"]
[BlackCountry "GER"]
[WhiteElo "1916"]
[WhiteRD "89"]
[BlackElo "2289"]
[BlackRD "64"]
[GameID "463172"]

1. e4 e5 2. Nf3 Nc6 3. Bb5 a6 4. Ba4 b5 5. Bb3 Nf6 6. d3 Be7 7. c3 d6 8. h3 Na5 9. Bc2 O-O 10. O-O c5
11. Be3 Qc7 12. Nbd2 d5 13. d4 exd4 14. cxd4 Nc4 15. Nxc4 dxe4 16. Nfd2 bxc4 17. Nxe4 Nd5 18. Qh5 f5 19. Nc3 Nxe3 20. fxe3 cxd4
21. exd4 Qd6 22. Rad1 Kh8 23. Qe2 Rb8 24. b3 cxb3 25. Bxb3 Bb7 26. Be6 g6 27. Rfe1 Bf6 28. Qe3 f4 29. Qd3 Rbe8 30. d5 Qc5+
0-1

[Event "DIJA III"]
[Site "SchemingMind.com"]
[Date "2020.12.10"]
[Round "-"]
[White "JAHI"]
[Black "Adrian Grajczak"]
[Result "1/2-1/2"]
[WhiteCountry "INT"]
[BlackCountry "POL"]
[WhiteElo "2068"]
[WhiteRD "76"]
[BlackElo "1917"]
[BlackRD "92"]
[GameID "463173"]

1. c3 d6 2. c4 e5 3. Nc3 Be6 4. g3 c6 5. d3 f5 6. Bg2 Nf6 7. Bg5 Be7 8. Bxf6 Bxf6 9. Kf1 O-O 10. h3 Nd7
11. h4 f4 12. gxf4 Bxh4 13. Nf3 Rxf4 14. e3 Rg4 15. Bh3 Qf6 16. Ne4 Rxe4 17. Bxe6+ Qxe6 18. dxe4 Qxc4+ 19. Qe2 Qxe2+ 20. Kxe2 Be7
21. Rag1 Nc5 22. Nh4 Nxe4 23. Nf5 Bf8 24. Nh6+ Kh8 25. Nf7+ Kg8 26. Nh6+ Kh8=
1/2-1/2

[Event "DIJA III"]
[Site "SchemingMind.com"]
[Date "2020.12.08"]
[Round "-"]
[White "Adrian Grajczak"]
[Black "David Connolly"]
[Result "1-0"]
[WhiteCountry "POL"]
[BlackCountry "WLS"]
[WhiteElo "1916"]
[WhiteRD "89"]
[BlackElo "2024"]
[BlackRD "68"]
[GameID "463174"]

1. e4 c5 2. Nf3 d6 3. d4 cxd4 4. Nxd4 Nf6 5. Nc3 g6 6. Be3 Bg7 7. f3 O-O 8. Bc4 Nc6 9. Qd2 Bd7 10. O-O-O Rc8
11. Bb3 Nxd4 12. Bxd4 a5 13. a3 b5 14. h4 e6 15. h5 b4 16. axb4 axb4 17. Nb1 Nxh5= 18. Bxg7 Kxg7 19. g4 Nf6 20. Qh6+ Kh8
21. Rxd6 Rc5 22. f4 e5 23. Rxf6
1-0

[Event "DIJA III"]
[Site "SchemingMind.com"]
[Date "2020.12.13"]
[Round "-"]
[White "Adrian Grajczak"]
[Black "Raymond de Kemp"]
[Result "1-0"]
[WhiteCountry "POL"]
[BlackCountry "NED"]
[WhiteElo "1932"]
[WhiteRD "92"]
[BlackElo "1843"]
[BlackRD "70"]
[GameID "463175"]

1. e4 c5 2. Nf3 d6 3. d4 cxd4 4. Nxd4 Nf6 5. Nc3 a6 6. Bc4 e6 7. Bb3 Nbd7 8. Be3 Nc5 9. f3 e5 10. Nde2 Nxb3
11. axb3 Be7 12. Qd2 Bd7 13. O-O O-O 14. g4 h6 15. Ng3 Ne8 16. Kh1 Nc7 17. Bb6 Qc8 18. Bxc7 Qxc7 19. Nd5 Qd8 20. Nxe7+ Qxe7
21. Rad1 Rfd8 22. Qxd6 Qg5 23. Qb6 Bb5 24. c4 Rxd1 25. Rxd1 Bc6 26. Kg2 g6 27. b4 Rc8 28. b3 f5 29. gxf5 gxf5 30. h4 Qxh4
31. Nxf5 Qg5+ 32. Kf2 Kh7 33. Rd6 Rf8 34. Rxh6+ Kg8 35. Rg6+
1-0

[Event "DIJA III"]
[Site "SchemingMind.com"]
[Date "2020.12.10"]
[Round "-"]
[White "Steven DuCharme"]
[Black "Helga1946"]
[Result "0-1"]
[WhiteCountry "USA"]
[BlackCountry "GER"]
[WhiteElo "1581"]
[WhiteRD "62"]
[BlackElo "2203"]
[BlackRD "65"]
[GameID "463177"]

1. e4 e5 2. Nf3 Nc6 3. d4 exd4 4. Nxd4 Nf6 5. Nxc6 bxc6 6. Bd3 d6 7. O-O g6 8. Re1 Bg7 9. h3 O-O 10. f4 Nh5
11. c3 f5 12. Qb3+ Kh8 13. Kh2 fxe4 14. Bxe4 Qh4 15. Bd2 Bxh3 16. gxh3 Qf2+ 17. Bg2 Qg3+ 18. Kh1 Nxf4
0-1

[Event "DIJA III"]
[Site "SchemingMind.com"]
[Date "2020.12.10"]
[Round "-"]
[White "Helga1946"]
[Black "Kenny Elliott"]
[Result "1-0"]
[WhiteCountry "GER"]
[BlackCountry "USA"]
[WhiteElo "2203"]
[WhiteRD "65"]
[BlackElo "1574"]
[BlackRD "60"]
[GameID "463178"]

1. c4 e5 2. Nc3 f5 3. Nf3 Nc6 4. d4 e4 5. Ne5 Nxe5 6. dxe5 Bb4 7. Bd2 d6 8. Qa4+ Bd7 9. Qxb4 dxe5 10. Qxb7 Nf6
11. Nb5 Bxb5 12. Qxb5+ Nd7 13. Rd1 O-O 14. Bc3 Rb8 15. Rxd7 Qg5 16. Qxe5 Rbe8 17. Rxg7+ Qxg7 18. Qxg7#
1-0

[Event "DIJA III"]
[Site "SchemingMind.com"]
[Date "2020.12.10"]
[Round "-"]
[White "dadshane2000"]
[Black "Helga1946"]
[Result "0-1"]
[WhiteCountry "USA"]
[BlackCountry "GER"]
[WhiteElo "1564"]
[WhiteRD "88"]
[BlackElo "2280"]
[BlackRD "68"]
[GameID "463179"]

1. e4 e5 2. Nf3 Nc6 3. Bb5 a6 4. Ba4 b5 5. Bb3 Nf6 6. O-O Be7 7. Re1 O-O 8. c3 d5 9. exd5 Nxd5 10. Nxe5 Nxe5
11. Rxe5 c6 12. d3 Bd6 13. Re1 Bf5 14. Bxd5 cxd5 15. Qf3 Re8 16. Rxe8+ Qxe8 17. Bd2 Qe5 18. g3 Re8 19. Bf4 Qe1+ 20. Kg2 Bxf4
21. gxf4 Re6 22. Qxd5 Rg6+
0-1

[Event "DIJA III"]
[Site "SchemingMind.com"]
[Date "2020.12.10"]
[Round "-"]
[White "Helga1946"]
[Black "Derek Price"]
[Result "1-0"]
[WhiteCountry "GER"]
[BlackCountry "ENG"]
[WhiteElo "2289"]
[WhiteRD "64"]
[BlackElo "2181"]
[BlackRD "72"]
[GameID "463180"]

1. c4 Nf6 2. Nf3 g6 3. d4 Bg7 4. Nc3 O-O 5. e4 d6 6. Be2 e5 7. d5 a5 8. O-O Na6 9. Bg5 h6 10. Be3 Ng4
11. Bc1 Nf6 12. Ne1 Nc5 13. Qc2 Bd7 14. Be3 Qe7 15. Rd1 b6 16. f3 Kh7 17. Nd3 Nxd3 18. Bxd3 Nh5 19. Qc1 Rfc8 20. Ne2 Rab8
21. b3 Re8 22. Kh1 Rbd8 23. Rde1 Bc8 24. a3 Bb7= 25. Qd2 Ra8 26. Rc1 Bc8 27. b4 axb4 28. axb4 Bd7 29. c5 bxc5 30. bxc5 Reb8
31. c6 Bc8 32. Ra1 Rxa1 33. Rxa1 Nf4 34. Nc3 f5 35. Bf1 fxe4 36. fxe4 Bg4 37. Nb5 Rf8 38. Qe1 Qf7 39. Kg1 Re8 40. Ra7 Re7
41. h3 Bc8 42. Qa5 Nxh3+ 43. gxh3 Qf3 44. Bf2 Bxh3 45. Qc3 Qg4+ 46. Qg3 Qxe4 47. Nc3 Qf4 48. Bxh3 Qc1+ 49. Kg2 e4 50. Qh4 Qxc3
51. Qxe7 Qf3+ 52. Kg1 Qxh3 53. Rxc7 Qg4+ 54. Kh2 Qh5+ 55. Qh4 Qe5+ 56. Bg3 Qb2+ 57. Kh3 h5 58. Re7 Qd4 59. c7 Qc3 60. Qf4 e3
61. Qf8 Kh6 62. Bf4+ g5 63. Re6+ Kh7 64. Qf5+ Kg8 65. Re8+ Bf8 66. Qxf8+ Kh7 67. Qg8+ Kh6 68. Bxg5#
1-0

[Event "DIJA III"]
[Site "SchemingMind.com"]
[Date "2020.12.10"]
[Round "-"]
[White "Gilligan"]
[Black "Helga1946"]
[Result "0-1"]
[WhiteCountry "USA"]
[BlackCountry "GER"]
[WhiteElo "1666"]
[WhiteRD "60"]
[BlackElo "2203"]
[BlackRD "65"]
[GameID "463181"]

1. e4 e5 2. Nf3 Nc6 3. d4 exd4 4. Bc4 Nf6 5. O-O Nxe4 6. c3 d5 7. Bb3 Be7 8. cxd4 Bg4 9. Qd3 O-O 10. a3 Bf6
11. Nbd2 Nxd2 12. Nxd2 Nxd4 13. h3 Bf5 14. Qg3 Ne2+ 15. Kh2 Nxg3 16. fxg3 Bd3 17. Rf3 Be2 18. Rf5 c6 19. Rf2 Re8 20. Bc2 Qb6
21. Rf4 Be5 22. Rh4 Qf2 23. Bxh7+ Kf8 24. Ne4 Bxg3+ 25. Nxg3 Bf3
0-1

[Event "DIJA III"]
[Site "SchemingMind.com"]
[Date "2020.12.10"]
[Round "-"]
[White "Phillip Beckett"]
[Black "Helga1946"]
[Result "0-1"]
[WhiteCountry "ENG"]
[BlackCountry "GER"]
[WhiteElo "1451"]
[WhiteRD "50"]
[BlackElo "2203"]
[BlackRD "65"]
[GameID "463182"]

1. d4 d5 2. c4 dxc4 3. e4 e5 4. Bxc4 Qxd4 5. Qxd4 exd4 6. Nf3 c5 7. Nbd2 Nc6 8. Nb3 Nf6 9. e5 Nd7 10. O-O a5
11. e6 fxe6 12. Bxe6 a4 13. Bxd7+ Kxd7 14. Nbd2 b5 15. Ne4 Kc7 16. Bf4+ Kb6 17. Nd6 Be6 18. Ne4 Nb4 19. Nfg5 Bd5 20. a3 Nd3
21. Bd2 h6 22. Nf3 Bxe4
0-1

[Event "DIJA III"]
[Site "SchemingMind.com"]
[Date "2020.12.10"]
[Round "-"]
[White "JAHI"]
[Black "Helga1946"]
[Result "1-0"]
[WhiteCountry "INT"]
[BlackCountry "GER"]
[WhiteElo "2141"]
[WhiteRD "69"]
[BlackElo "2203"]
[BlackRD "65"]
[GameID "463183"]

1. c3 e5 2. c4 Nf6 3. Nc3 Bb4 4. a3 Bxc3 5. dxc3 d6 6. Bg5 h6 7. Bxf6 Qxf6 8. g3 Qe6 9. b3 a5 10. a4 Na6
11. Bg2 Nc5 12. Kf1 O-O 13. h3 Rd8 14. h4 e4 15. h5 e3 16. Nh3 c6 17. Rc1 Qg6 18. hxg6
1-0

[Event "DIJA III"]
[Site "SchemingMind.com"]
[Date "2020.12.09"]
[Round "-"]
[White "Helga1946"]
[Black "David Connolly"]
[Result "1-0"]
[WhiteCountry "GER"]
[BlackCountry "WLS"]
[WhiteElo "2263"]
[WhiteRD "69"]
[BlackElo "2063"]
[BlackRD "81"]
[GameID "463184"]

1. c4 c6 2. e4 d5 3. exd5 cxd5 4. d4 Nf6 5. Nc3 Nc6 6. h3 Be6 7. c5 g6 8. Bb5 Bg7 9. Nf3 O-O 10. O-O Qc7
11. Re1 Rad8 12. Be3 Ne4 13. Qc1 Bf5 14. Bf4 Qa5 15. Bxc6 bxc6 16. a3 Rfe8 17. b4 Qa6 18. Ne2 Qc8 19. Nh2 Bxh3 20. gxh3 Qxh3
21. f3 Nf6 22. Bc7 Bh6 23. Qc3 Rc8 24. Be5 Nd7 25. Ng4 Nxe5 26. Nxh6+ Qxh6 27. dxe5 f6 28. f4 fxe5 29. Qxe5
1-0

[Event "DIJA III"]
[Site "SchemingMind.com"]
[Date "2020.12.13"]
[Round "-"]
[White "Helga1946"]
[Black "Raymond de Kemp"]
[Result "1-0"]
[WhiteCountry "GER"]
[BlackCountry "NED"]
[WhiteElo "2257"]
[WhiteRD "66"]
[BlackElo "1811"]
[BlackRD "69"]
[GameID "463185"]

1. c4 g5 2. d4 Bg7 3. Nc3 h6 4. e4 c5 5. dxc5 Bxc3+ 6. bxc3 Nc6 7. Rb1 Qa5 8. Bd3 Ne5 9. Nf3 Qxc3+ 10. Ke2 Qxd3+
11. Qxd3 Nxd3 12. Kxd3 g4 13. Nd4 e5 14. Nf5 Ne7 15. Nd6+ Kf8 16. h3 gxh3 17. Rxh3 b6 18. Bxh6+ Kg8 19. Ne8
1-0

[Event "DIJA III"]
[Site "SchemingMind.com"]
[Date "2020.12.08"]
[Round "-"]
[White "JAHI"]
[Black "Steven DuCharme"]
[Result "1-0"]
[WhiteCountry "INT"]
[BlackCountry "USA"]
[WhiteElo "2127"]
[WhiteRD "71"]
[BlackElo "1554"]
[BlackRD "55"]
[GameID "463187"]

1. c3 c5 2. c4 Nc6 3. Nc3 Nf6 4. g3 g6 5. Bg2 Bg7 6. d3 O-O 7. h3 b6 8. h4 h5 9. Nh3 Bb7 10. Kf1 Na5
11. Bxb7 Nxb7 12. Kg1 d5 13. cxd5 Nxd5 14. Bd2 Nxc3 15. Bxc3 Bxc3 16. bxc3 f6 17. Qf1 e5 18. Re1 a5 19. f3 b5 20. f4 Qd5
21. Qg2 Rad8 22. fxe5 Qxg2+ 23. Kxg2 fxe5 24. Ng5 Rd6 25. Rhf1 b4 26. Rxf8+ Kxf8 27. Kf3 Rf6+ 28. Ke4 Rf5 29. cxb4 axb4 30. Kd5 e4+
31. Kc6 Nd8+ 32. Kb5 exd3 33. exd3 Rd5 34. Re3 Rf5 35. Rf3 Rxf3 36. Nxf3 Ne6 37. Ng5
1-0

[Event "DIJA III"]
[Site "SchemingMind.com"]
[Date "2020.12.09"]
[Round "-"]
[White "Kenny Elliott"]
[Black "JAHI"]
[Result "0-1"]
[WhiteCountry "USA"]
[BlackCountry "INT"]
[WhiteElo "1562"]
[WhiteRD "54"]
[BlackElo "2127"]
[BlackRD "71"]
[GameID "463188"]

1. d4 d6 2. e4 g6 3. Nf3 Bg4 4. Be2 Bxf3 5. Bxf3 Bg7 6. Nc3 Nd7 7. e5 dxe5 8. d5 h6 9. Bd2 h5 10. h4 Nh6
11. Qe2 Kf8 12. O-O-O a6 13. g4 hxg4 14. Bxg4 Nxg4 15. Qxg4 Nf6 16. Qg2 a5 17. Rde1 Qd6 18. Rh3 a4 19. a3 Nh5 20. Rf3 Nf4
21. Bxf4 exf4 22. Qg4 Rh5 23. Rd1 Rd8 24. Nxa4 Rxd5 25. Rfd3 e6 26. Rxd5 exd5 27. Qf3 c6 28. h5 g5 29. Rh1 Re8 30. h6 Bxh6
31. Nb6 Re6 32. a4 Qb4 33. Nd7+ Ke8 34. Rxh6 Re1+ 35. Qd1 Rxd1+ 36. Kxd1 Qd4+ 37. Kc1 Kxd7 38. f3 g4 39. fxg4 Qg1+ 40. Kd2 f3
41. Rf6 Qd4+
0-1

[Event "DIJA III"]
[Site "SchemingMind.com"]
[Date "2020.12.09"]
[Round "-"]
[White "Derek Price"]
[Black "JAHI"]
[Result "1-0"]
[WhiteCountry "ENG"]
[BlackCountry "INT"]
[WhiteElo "2207"]
[WhiteRD "67"]
[BlackElo "2052"]
[BlackRD "72"]
[GameID "463190"]

1. c4 d6 2. d4 g6 3. Nc3 Bg7 4. e4 a6 5. Be3 a5 6. Nf3 Na6 7. Be2 Bd7 8. O-O h6 9. e5 h5 10. Bg5 f6
11. Bd3 Bf5= 12. exf6 Bxf6 13. Bxf5 gxf5 14. Qb3 b6= 15. Rfe1 c6 16. d5 Nc5 17. Qc2 Kf8 18. Qxf5 Qc8 19. Qg6 Qe8 20. Nh4 Qxg6
21. Nxg6+ Kf7 22. Bxf6 Nxf6 23. Nxh8+ Rxh8 24. dxc6 Rc8 25. Rad1 Rxc6 26. f4 Rc8 27. Rd2 h4 28. Rde2 e6 29. Rd1 Rd8 30. Re3 Ke7
31. Nd5+ Nxd5 32. cxd5 Kf6 33. Rh3 e5 34. fxe5+ Kxe5 35. Rxh4 b5 36. Rh5+ Ke4 37. Rh7 Rd7 38. Rxd7 Nxd7 39. h4 Kf5 40. Kf2 Kg4
41. g3 Ne5 42. Rd4+ Kf5 43. Rf4+ Kg6 44. Ke2 a4 45. Rb4 Nd7 46. Rxb5 Nf6 47. Ra5 a3 48. Rxa3 Kf7 49. Rf3 Kg7 50. Rxf6 Kxf6
51. a4 Ke5 52. a5 Kxd5 53. a6 Kc6 54. h5 Kb6 55. h6 Kxa6 56. h7 Kb5 57. Kd3 Kc5 58. h8=Q Kd5 59. Qd4+ Ke6 60. b4 d5
61. b5 Kd6 62. Qf6+ Kc5 63. Qc6+ Kb4 64. b6 Ka5 65. b7 d4 66. Kc4 d3 67. Qb5#
1-0

[Event "DIJA III"]
[Site "SchemingMind.com"]
[Date "2020.12.13"]
[Round "-"]
[White "Raymond de Kemp"]
[Black "JAHI"]
[Result "0-1"]
[WhiteCountry "NED"]
[BlackCountry "INT"]
[WhiteElo "1811"]
[WhiteRD "69"]
[BlackElo "2127"]
[BlackRD "71"]
[GameID "463191"]

1. f4 d6 2. Nf3 g6 3. g3 Bg7 4. Bg2 a6 5. d4 a5 6. c4 Na6 7. O-O h6 8. Bd2 b6 9. Bc3 h5 10. Ne5 dxe5
11. Bxa8 exd4 12. Rf3 dxc3 13. Rd3 Bd7 14. Bc6 Nf6 15. Nxc3 Nc5 16. Rd2 Qc8 17. Bxd7+ Nfxd7 18. Qc2 h4 19. g4 h3 20. Ne4 Qa8
21. Rad1 Nxe4 22. Rxd7 Nd6
0-1

[Event "DIJA III"]
[Site "SchemingMind.com"]
[Date "2020.12.09"]
[Round "-"]
[White "Steven DuCharme"]
[Black "David Connolly"]
[Result "0-1"]
[WhiteCountry "USA"]
[BlackCountry "WLS"]
[WhiteElo "1571"]
[WhiteRD "55"]
[BlackElo "2060"]
[BlackRD "82"]
[GameID "463192"]

1. Nf3 c5 2. g3 d5 3. Bg2 Nc6 4. d4 Nf6 5. O-O e6 6. c3 Be7 7. dxc5 Bxc5 8. Nd4 O-O 9. Nxc6 bxc6 10. b4 Bd6
11. a4 e5 12. Bg5 h6 13. Bxf6 Qxf6 14. e4 dxe4 15. Bxe4 Bc7 16. b5 Rd8 17. Qe2 Bd7 18. Na3 Rac8 19. bxc6 Bxc6 20. Bxc6 Qxc6
21. Qc4 Bb6 22. Qxc6 Rxc6 23. Nb5 a6 24. a5 axb5 25. axb6 Rxb6 26. Rab1 Rc8 27. Rb3 f6 28. Rfb1 Rc5 29. Kf1 Kf7 30. Ke2 Ke6
31. h3 Kd5 32. Kd2 g6 33. f3 f5 34. Kd3 e4+ 35. fxe4+ fxe4+ 36. Ke3 Rf6 37. Rxb5 Rf3+ 38. Ke2 Rxg3
0-1

[Event "DIJA III"]
[Site "SchemingMind.com"]
[Date "2020.12.09"]
[Round "-"]
[White "David Connolly"]
[Black "Kenny Elliott"]
[Result "1-0"]
[WhiteCountry "WLS"]
[BlackCountry "USA"]
[WhiteElo "2054"]
[WhiteRD "87"]
[BlackElo "1562"]
[BlackRD "54"]
[GameID "463193"]

1. d4 d5 2. c4 e6 3. Nc3 Bb4 4. e3 Bxc3+ 5. bxc3 Nf6 6. Bd3 O-O 7. Nf3 dxc4 8. Bxc4 Nc6 9. O-O a6 10. Qe2 Ne4
11. Qc2 b5 12. Qxe4 Bb7 13. Bd3 g6 14. Rd1 Rb8 15. Qg4 Ne7 16. e4 f5 17. Qh4 fxe4 18. Ng5 h5 19. Bxe4 Bxe4 20. Qxe4 Rf6
21. Nxe6 Qd7 22. Nc5 Qf5 23. Qxf5 Rxf5 24. Nxa6 Rb7 25. Nc5 Ra7 26. Re1 Nd5 27. Bd2 c6 28. Re6 Kh7 29. Rxc6 Raf7 30. Ne4 Ne7
31. Rc7 Kg7 32. Nd6 Nd5 33. Nxf5+
1-0

[Event "DIJA III"]
[Site "SchemingMind.com"]
[Date "2020.12.10"]
[Round "-"]
[White "dadshane2000"]
[Black "David Connolly"]
[Result "0-1"]
[WhiteCountry "USA"]
[BlackCountry "WLS"]
[WhiteElo "1564"]
[WhiteRD "88"]
[BlackElo "2060"]
[BlackRD "82"]
[GameID "463194"]

1. e4 d5 2. exd5 Nf6 3. Bc4 Nxd5 4. Nc3 c6 5. Nf3 Bg4 6. Nxd5 cxd5 7. Bb5+ Nc6 8. d4 Qa5+ 9. c3 Qxb5 10. a4 Qa6
11. b4 Qc4 12. Bb2 e6 13. h3 Bh5 14. g4 Bg6 15. a5 Be4 16. Nd2 Qd3
0-1

[Event "DIJA III"]
[Site "SchemingMind.com"]
[Date "2020.12.09"]
[Round "-"]
[White "David Connolly"]
[Black "Derek Price"]
[Result "0-1"]
[WhiteCountry "WLS"]
[BlackCountry "ENG"]
[WhiteElo "2024"]
[WhiteRD "68"]
[BlackElo "2181"]
[BlackRD "72"]
[GameID "463195"]

1. Nf3 Nf6 2. c4 g6 3. g3 Bg7 4. d4 O-O 5. Bg2 d6 6. O-O Nc6 7. Nc3 a6 8. b3 Rb8 9. Nd5 Nh5 10. Bb2 e6
11. Ne3 Ne7 12. Rc1 b6 13. Qc2 Bb7 14. Rfd1 Bh6 15. d5 e5 16. Qc3 f5 17. Ne1 Bg7 18. Qc2 f4 19. Nf1 Nf6 20. e3 fxg3
21. hxg3 Bh6 22. Nd2 Ng4 23. Ne4 Nf5 24. Qe2 Nxf2 25. Nxf2 Nxg3 26. Qg4 Bxe3 27. Rc2 Nf5
0-1

[Event "DIJA III"]
[Site "SchemingMind.com"]
[Date "2020.12.08"]
[Round "-"]
[White "JAHI"]
[Black "David Connolly"]
[Result "1-0"]
[WhiteCountry "INT"]
[BlackCountry "WLS"]
[WhiteElo "2003"]
[WhiteRD "66"]
[BlackElo "2027"]
[BlackRD "89"]
[GameID "463196"]

1. c3 c5 2. c4 Nf6 3. Nc3 Nc6 4. g3 d5 5. cxd5 Nxd5 6. Bg2 Nc7 7. d3 e6 8. Bd2 Be7 9. Kf1 e5 10. h3 O-O
11. h4 Bf5 12. h5 h6 13. f3 Qd7 14. f4 Rad8 15. Be1 exf4 16. gxf4 Bg4 17. Bf3 Bxf3 18. Nxf3 Qg4 19. e3= Qf5 20. Qe2 Qxd3
21. Qxd3 Rxd3 22. Ke2 Rd7 23. Bf2 Rfd8 24. Rag1 f5 25. Rg6 Bf6 26. Rhg1 Bxc3 27. bxc3 Re8 28. Nh4 Nd5 29. Kf3 Rf7 30. Rxh6 Nxc3
31. Rd6 Ne4 32. Rd5 Nxf2 33. Kxf2 Nb4 34. Rd6 c4 35. h6 c3= 36. Rd4 Nc2 37. Rd3 Rc8 38. Rc1 Nb4 39. Rdxc3 Rxc3 40. Rxc3 Nxa2
41. Ra3 Nb4= 42. Rxa7 Nc6 43. Ra8+ Kh7 44. hxg7 Kxg7 45. Ra2 Kf6 46. Rd2 Ke6 47. Nf3 Rd7 48. Ng5+ Ke7 49. Rb2 Kd6 50. Rb5 Ne7
51. Nf3 Ke6 52. Nd4+ Kf6 53. Rb6+ Kf7 54. Kf3 Rc7= 55. Rd6 Nc8 56. Rd8 Ne7 57. Nb5 Rc5 58. Nd6+ Ke6 59. Nxb7 Rd5 60. Rxd5 Kxd5=
61. Na5 Ng8 62. Nb3 Ne7= 63. Nd4 Kd6= 64. Ke2 Kd5 65. Kd3 Kc5 66. Ne2 Nd5 67. Kd2 Ne7 68. Kd3 Ng8 69. Ng3 Nh6 70. Ne2 Ng8
71. Kc3 Kd6 72. Kc4 Nh6 73. Nd4 Ke7 74. Kd5 Kf6 75. Ne2 Ng4 76. Kd4
1-0

[Event "DIJA III"]
[Site "SchemingMind.com"]
[Date "2020.12.13"]
[Round "-"]
[White "David Connolly"]
[Black "Raymond de Kemp"]
[Result "1-0"]
[WhiteCountry "WLS"]
[BlackCountry "NED"]
[WhiteElo "2060"]
[WhiteRD "82"]
[BlackElo "1800"]
[BlackRD "74"]
[GameID "463197"]

1. d4 f5 2. g3 Nf6 3. Bg2 e6 4. c4 Be7 5. Nf3 b6 6. Nc3 Bb7 7. d5 O-O 8. O-O exd5= 9. cxd5 Bb4 10. Qb3 Bxc3
11. Ng5 d6 12. Ne6 Qe7 13. Nxf8 Bxb2 14. Bxb2 Qxf8 15. Rac1 Nbd7 16. Rfd1 Nc5 17. Rxc5 bxc5 18. Bxf6 Ba6 19. Ba1 Bxe2 20. Re1 c4
21. Qb7 Rb8 22. Qxc7 Bd3 23. Bc3 Rc8 24. Qxa7 Ra8 25. Qd7
1-0